000 00669nam a22001937a 4500
999 _c165560
_d165560
005 20190621165455.0
010 _aENG-125715
020 _a9788184556407
_c995.00
035 _aEN-109247
037 _bDBAD/PUB
082 _a307.720
100 _aRoy, M.N.
245 _aTextbook of rural sociology /
_cby M.N. Roy
260 _aNew Delhi
_bOmega Publications
_c2017
270 _a4378/4B, G4, JMD House, Murali Lal Street, Ansari Road
_bDaryaganj, New Delhi
_e110002
_k65901906, 23278062
_momega_publications@yahoo.com
300 _a294p..
_c22cm(Hb)
500 _aIncludes bibliographical references and index
942 _2ddc
_cEN
_h307.720
_mROY